000 00690nam a2200277Ia 4500
005 20260324131520.0
008 008 260324s9999 xx 000 0 eng d
020 _a9781315242194
037 _aEBOOK
040 _aCRL
040 _beng
040 _cCRL
041 _2eng
041 _aeng
084 _qCRL
100 _aJohn Hine Mundy
_91185798
245 0 _aStudies in the Ecclesiastical and Social History of Toulouse in the Age of the Cathars
260 _bTaylor and Francis
260 _c2006
365 _a
365 _b240
856 _uhttp://www.taylorfrancis.com/books/9781315242194
942 _cEBOOK
999 _c1783034
_d1783034